Alejandro Magno
Saved in:
| Main Authors: | , , |
|---|---|
| Format: | Book |
| Language: | Spanish |
| Published: |
Madrid, España
Akal
1986
|
| Series: | Akal. Clásica,
4 |
| Subjects: | |
| Tags: |
Add Tag
No Tags, Be the first to tag this record!
|
MARC
| LEADER | 00000nam a2200000 a 4500 | ||
|---|---|---|---|
| 001 | UCJ9648 | ||
| 003 | CL-VaPUC | ||
| 005 | 20240612155314.0 | ||
| 008 | 070330e19860000SP |||||||||||||||||spa|d | ||
| 999 | |c 325068 |d 325066 | ||
| 020 | |a 8476001088 | ||
| 040 | |c Pontificia Universidad Católica de Valparaíso | ||
| 082 | 0 | 4 | |a 938.1 PLU 1986 |2 21 |
| 100 | 0 | |a Plutarco |e author |9 319084 | |
| 245 | 1 | 0 | |a Alejandro Magno |
| 260 | |a Madrid, España |b Akal |c 1986 | ||
| 300 | |a 278 páginas | ||
| 490 | 0 | |a Akal. Clásica, |v 4 | |
| 583 | |a last modification |c 20070330 00:00:00 |k Rodrigo Vera | ||
| 600 | 0 | |a Magno, Alejandro |9 318232 | |
| 650 | 0 | |a Historia antigua |9 267521 | |
| 650 | 0 | |a Historia de Grecia |9 267917 | |
| 650 | 0 | |a Biografías |z GRECIA |9 255210 | |
| 700 | 0 | |a Diodoro Sículo |e author |9 519633 | |
| 700 | 0 | |a Guzmán Guerra, Antonio |e author |9 519634 | |
| 852 | |a BIBCUR | ||
| 942 | |c BK |2 ddc | ||
| 945 | |d 20070330 00:00:00 |a cmena | ||
| 952 | |0 0 |1 0 |2 ddc |4 0 |6 938_100000000000000_PLU_1986 |7 0 |8 A |9 405632 |a BIBHIS |b BIBHIS |d 2019-11-22 |i 4326830 |o 938.1 PLU 1986 |p 4326830 |r 2025-01-20 |t 1 |w 2019-11-22 |y BK |k HIS | ||